| 000 | 01346nam a2200277 i 4500 | ||
|---|---|---|---|
| 003 | EG-ScBUE | ||
| 005 | 20240213095638.0 | ||
| 008 | 100713s1975 ua a f b 000 0 ara d | ||
| 040 |
_aEG-ScBUE _bara _erda _cEG-ScBUE _dEG-ScBUE |
||
| 043 | _af-ua--- | ||
| 082 | 0 | 4 |
_a962.04 _bر ز ق _222 |
| 100 | 1 |
_916232 _aرزق، يونان لبيب، _d1933-2008، _eمؤلف. |
|
| 245 | 1 | 0 |
_aتاريخ الوزارات المصرية 1878 - 1953 / _cتأليف الدكتور يونان لبيب رزق ؛ إشراف حسن يوسف. |
| 264 | 1 |
_a[القاهرة] : _bمركز الدراسات السياسية والإستراتيجية بالأهرام، وحدة الوثائق والبحوث التاريخية، _c1975. |
|
| 300 |
_a542 صفحة : _bإيضاحيات ؛ _c24 سم |
||
| 336 |
_2rdacontent _aنص _btxt |
||
| 337 |
_aبدون وسيط _2rdamedia _bn |
||
| 338 |
_aمجلد _bnc _2rdacarrier |
||
| 504 | _aيشتمل على إرجاعات ببليوجرافية. | ||
| 541 |
_aألف باء ؛ _cشراء ؛ |
||
| 651 | 7 |
_2BUEsh _aمصر _xتاريخ _yالعصر الحديث _yالاحتلال البريطاني (1882-1956). |
|
| 651 | 7 |
_2BUEsh _aمصر _xتاريخ _yالعصر الحديث _yالخديوي توفيق (1879-1892). |
|
| 655 | _vReading book | ||
| 700 | 1 |
_916233 _aيوسف، حسن، _eمشرف. |
|
| 942 |
_2ddc _cBB |
||
| 999 |
_c14471 _d14471 |
||